[Event "LSS BI-2010-P-00025"]
[Site "LSS email"]
[Date "2010.04.19"]
[Round "?"]
[White "Just, Bent"]
[Black "Kravtsov, Vladimir"]
[Result "0-1"]
[WhiteElo "1541"]
[BlackElo "1961"]
[PlyCount "74"]
[EventDate "2010.04.22"]
[EventType "tourn (corr)"]
[EventRounds "10"]
[EventCountry "GER"]
[SourceTitle "Telechess CBM 147"]
[Source "ChessBase"]
[SourceDate "2012.03.16"]
[SourceVersion "1"]
[SourceVersionDate "2012.03.16"]
[SourceQuality "1"]

1. d4 d5 2. c4 e6 3. Nf3 Nf6 4. Nc3 Be7 5. Bg5 h6 6. Bh4 0-0 7. e3 b6 8. cxd5 Nxd5 9. Nxd5 exd5 10. Bxe7 Qxe7 11. Rc1 Be6 12. Ne5 c5 13. Bb5 c4 14. 0-0 a6 15. Ba4 Bf5 16. g4 Bh7 17. Bc2 Nd7 18. Bxh7+ Kxh7 19. Qc2+ Kg8 20. Qf5 Nxe5 21. dxe5 Rfe8 22. Rfd1 Rad8 23. Kg2 b5 24. f4 Qa7 25. Rd4 f6 26. Rcd1 fxe5 27. fxe5 Qe7 28. e6 Rf8 29. Qe5 Rd6 30. Rf4 Qxe6 31. Qxe6+ Rxe6 32. Rxf8+ Kxf8 33. Rxd5 Rxe3 34. Kf2 Rh3 35. Kg2 Rd3 36. Rf5+ Ke7 37. Rf2 b4 0-1

[Event "LSS BI-2010-P-00025"]
[Site "LSS email"]
[Date "2010.04.19"]
[Round "?"]
[White "Kravtsov, Vladimir"]
[Black "Dard, Michel"]
[Result "1-0"]
[WhiteElo "1961"]
[BlackElo "2123"]
[PlyCount "25"]
[EventDate "2010.04.22"]
[EventType "tourn (corr)"]
[EventRounds "10"]
[EventCountry "GER"]
[SourceTitle "Corr 2013"]
[Source "ChessBase"]
[SourceDate "2012.11.12"]
[SourceVersion "1"]
[SourceVersionDate "2012.11.12"]
[SourceQuality "1"]

1. e4 d5 2. exd5 Qxd5 3. Nc3 Qa5 4. Nf3 Nf6 5. d4 c6 6. Be2 Bf5 7. 0-0 e6 8. Bf4 Nbd7 9. Nh4 0-0-0 10. a3 e5 11. dxe5 Nxe5 12. Qc1 Bd7 13. Rd1 1-0